000
00210nam a22000857a 4500
999
_c
6416
_d
6416
008
170526b xxu||||| |||| 00| 0 eng d
020
_a
9783468203619
100
_9
3128
_a
Krake.D.
245
_a
Bild- Wqreterbuch Englisch
260
_a
Newyork
_c
2003